Giáo trình Hán ngữ Hanyu Jiaocheng (Chinese Course) Tập 1 Quyển thượng
Gardado en:
| Autor Principal: | |
|---|---|
| Formato: | Libro |
| Publicado: |
China
Beijing Language and Culture University Press (BLCUP)
2006
|
| Những chủ đề: | |
| Các nhãn: |
Engadir etiqueta
Sen Etiquetas, Sexa o primeiro en etiquetar este rexistro!
|
| Thư viện lưu trữ: | Trung tâm Học liệu Lê Vũ Hùng, Trường Đại học Đồng Tháp |
|---|
| LEADER | 00763pam a22002298a 4500 | ||
|---|---|---|---|
| 001 | 00039697 | ||
| 005 | 20180917160958.0 | ||
| 008 | 170520s2006 ||||||Viesd | ||
| 020 | # | # | |a 7561907451 |
| 041 | 0 | # | |a Vie |
| 082 | 1 | 4 | |b GI108TR |a 495.1 |
| 100 | 1 | # | |a Jizhou, Yang |
| 245 | 1 | 0 | |b Hanyu Jiaocheng (Chinese Course) |a Giáo trình Hán ngữ |c Jizhou A. Yang |n Tập 1 |p Quyển thượng |
| 260 | # | # | |c 2006 |a China |b Beijing Language and Culture University Press (BLCUP) |
| 300 | # | # | |a 131 tr. |c 29 cm. |
| 653 | # | # | |a Giáo trình |
| 653 | # | # | |a Hán Ngữ |
| 653 | # | # | |a Ngôn ngữ |
| 653 | # | # | |a Tiếng Trung |
| 852 | # | # | |j KD.0024209 |
| 910 | |d 20/05/2017 | ||
| 980 | # | # | |a Trung tâm Học liệu Lê Vũ Hùng, Trường Đại học Đồng Tháp |


